Microcomputer Engineering (Record no. 23552)

MARC details
000 -LEADER
fixed length control field 00484nam a22001937a 4500
003 - CONTROL NUMBER IDENTIFIER
control field OSt
005 - DATE AND TIME OF LATEST TRANSACTION
control field 20211222170733.0
008 - FIXED-LENGTH DATA ELEMENTS--GENERAL INFORMATION
fixed length control field 211222b |||||||| |||| 00| 0 eng d
020 ## - INTERNATIONAL STANDARD BOOK NUMBER
International Standard Book Number 8120328183
040 ## - CATALOGING SOURCE
Transcribing agency H.U
082 ## - DEWEY DECIMAL CLASSIFICATION NUMBER
Classification number 004.16
Item number 1
100 ## - MAIN ENTRY--PERSONAL NAME
Personal name Miller,G.H
9 (RLIN) 24408
245 ## - TITLE STATEMENT
Title Microcomputer Engineering
250 ## - EDITION STATEMENT
Edition statement 3rd
260 ## - PUBLICATION, DISTRIBUTION, ETC.
Place of publication, distribution, etc. New Delhi
Name of publisher, distributor, etc. Prentice Hall of India Private Limited.
Date of publication, distribution, etc. 2004.
300 ## - PHYSICAL DESCRIPTION
Dimensions 25cm*23cm
500 ## - GENERAL NOTE
General note Included Index
942 ## - ADDED ENTRY ELEMENTS (KOHA)
Source of classification or shelving scheme Dewey Decimal Classification
Koha item type Books like text book referance book
Suppress in OPAC No
Holdings
Withdrawn status Lost status Source of classification or shelving scheme Damaged status Not for loan Home library Current library Shelving location Date acquired Full call number Barcode Date last seen Copy number Price effective from Koha item type Total Checkouts
    Dewey Decimal Classification     IoT Library IoT Library General Stacks 12/22/2021 004.16/MIL/2004. IOTL0000779 12/22/2021 1 12/22/2021 Books like text book referance book  
    Dewey Decimal Classification     IoT Library IoT Library General Stacks 12/22/2021 004.16/MIL/2004. IOTL0000780 12/22/2021 2 12/22/2021 Books like text book referance book  
    Dewey Decimal Classification     IoT Library IoT Library General Stacks 12/22/2021 004.16/MIL/2004. IOTL0000781 12/22/2021 3 12/22/2021 Books like text book referance book  
    Dewey Decimal Classification     IoT Library IoT Library General Stacks 12/22/2021 004.16/MIL/2004. IOTL0000782 12/22/2021 4 12/22/2021 Books like text book referance book  
    Dewey Decimal Classification     IoT Library IoT Library General Stacks 12/22/2021 004.16/MIL/2004. IOTL0000783 12/22/2021 5 12/22/2021 Books like text book referance book  
    Dewey Decimal Classification     IoT Library IoT Library General Stacks 12/22/2021 004.16/MIL/2004. IOTL0000784 12/22/2021 6 12/22/2021 Books like text book referance book  
    Dewey Decimal Classification     IoT Library IoT Library General Stacks 05/09/2022 004.16/MIL/2004 IOTL0021223 05/09/2022 7 05/09/2022 Books like text book referance book